000 01571nam a2200361 a 4500
001 ebr10742697
003 CaPaEBR
006 m o u
007 cr cn|||||||||
008 001103s2001 couabd sb 001 0 eng d
010 _z 00052235
020 _z0873351940
020 _z9780873351942
020 _z9780873352956 (e-book)
040 _aCaPaEBR
_cCaPaEBR
035 _a(OCoLC)847420798
050 1 4 _aTN291
_b.S56 2001eb
082 0 4 _a622/.292
_221
245 0 0 _aSlope stability in surface mining
_h[electronic resource] /
_cedited by William A. Hustrulid, Michael K. McCarter, Dirk J.A. Van Zyl.
260 _aLittleton, Colo. :
_bSociety for Mining, Metallurgy, and Exploration,
_c2001.
300 _axvii, 442 p. :
_bill., maps.
504 _aIncludes bibliographical references and index.
505 0 _asection 1. Rock slope design considerations -- section 2. Case studies in rock slope stability -- section 3. Stability of wawste rock embankments -- section 4. Tailings and heap leaching.
533 _aElectronic reproduction.
_bPalo Alto, Calif. :
_cebrary,
_d2013.
_nAvailable via World Wide Web.
_nAccess may be limited to ebrary affiliated libraries.
650 0 _aStrip mining.
650 0 _aSlopes (Soil mechanics)
655 7 _aElectronic books.
_2local
700 1 _aHustrulid, W. A.
700 1 _aMcCarter, M. K.
_q(M. Kim)
700 1 _aVan Zyl, Dirk J. A.
710 2 _aebrary, Inc.
856 4 0 _uhttp://site.ebrary.com/lib/rucke/Doc?id=10742697
_zAn electronic book accessible through the World Wide Web; click to view
999 _c149629
_d149629